Normal view
MARC view
- تاليف أبو النور، محمد الأحمدي وآخرون
Entry Personal Name
001 - CONTROL NUMBER
- control field: 43697
003 - CONTROL NUMBER IDENTIFIER
- control field: JO-AjAnu
005 - DATE AND TIME OF LATEST TRANSACTION
- control field: 20230606081235.0
008 - FIXED-LENGTH DATA ELEMENTS
- fixed length control field: 230606|| aca||aabn | a|a d
040 ## - CATALOGING SOURCE
- Original cataloging agency: JO-AjAnu
- Transcribing agency: JO-AjAnu
100 ## - HEADING--PERSONAL NAME
- Personal name: تاليف أبو النور، محمد الأحمدي وآخرون
670 ## - SOURCE DATA FOUND
- Source citation: Work cat.: (JO-AjAnu)22372: تاليف أبو النور، محمد الأحمدي وآخرون, author, أبحاث منتقاة من ندوة التشافي بالقرآن: دولة الكويت 26-28 جمادى الآخرة 1418 هجري 27-29 اكتوبر 1997